Raíces filosóficas de la psicología /

Salvato in:
Dettagli Bibliografici
Autore principale: Misiak, Henryk (autor)
Natura: Libro
Lingua:spagnolo
Pubblicazione: Buenos Aires, Argentina : Troquel, 1969, c1964
Edizione:2a edición
Serie:(Biblioteca El Tema del Hombre)
Soggetti:
Tags: Aggiungi Tag
Nessun Tag, puoi essere il primo ad aggiungerne!!

MARC

LEADER 00000nam^a2200000^a^4500
001 000355995
005 20250521000000.0
009 20260310115219.21
037 |a Acervo ITESO - Biblioteca 
041 |a ESP 
082 |a 150. 1  |b MIS 
100 |a Misiak, Henryk  |e (autor) 
245 1 0 |a Raíces filosóficas de la psicología /  |c H. Misiak ; tr. por Marta I. Gustavino. 
250 |a 2a edición 
264 4 |a Buenos Aires, Argentina :  |b Troquel,  |c 1969, c1964 
300 |a 165 p. 
336 |a texto  |b txt  |2 rdacontenido 
337 |a sin mediación  |b n  |2 rdamedio 
338 |a volumen  |b nc  |2 rdasoporte 
440 1 |a (Biblioteca El Tema del Hombre) 
500 |a Traducción de: The Philosophical Roots of Scientific Psychology 
649 |a XX 
650 |a Alma y Cuerpo -  |x Aspectos Psicológicos 
650 |a Sentidos y Sensaciones 
650 |a Percepción 
650 |a Psicología -  |x Historia 
650 |a Psicología -  |x Filosofía -  |x Tema Principal 
650 |a Filosofía -  |x Historia 
910 |a Fondo General 
920 |a Impresos - Libros 
930 |a Colección General 
905 |a 101 
901 |a 0500248803  |b IT1  |c ACC  |i D70918  |u 20250521 
902 |a https://opac.biblio.iteso.mx/vufind/Record/000355995